header

Radical simplicity (Record no. 49672)

MARC details
000 -LEADER
fixed length control field 01254nam a2200325Ia 4500
100 1# - MAIN ENTRY--AUTHOR NAME
Personal name Merkel, Jim.
245 10 - TITLE STATEMENT
Title Radical simplicity
260 ## - PUBLICATION, DISTRIBUTION, ETC. (IMPRINT)
Place of publication Gabriola Island, B.C. :
Name of publisher New Society Publishers,
Year of publication c2003.
300 ## - PHYSICAL DESCRIPTION
Number of Pages xxi, 248 p. :
Other physical details ill.
650 #0 - SUBJECT ADDED ENTRY--TOPICAL TERM
Topical Term Human ecology.
Topical Term Sustainable development.
Topical Term Nature
Topical Term Simplicity.
Topical Term Lifestyles.
856 40 - ELECTRONIC LOCATION AND ACCESS
Uniform Resource Identifier http://site.ebrary.com/lib/rucke/Doc?id=10085513

No items available.

© 2026 Rongo University
Contact us: librarian | system librarian | Rongo university